| 000 | 01067nam a22002297a 4500 | ||
|---|---|---|---|
| 005 | 20110728112413.0 | ||
| 008 | 110728t xxu||||| |||| 00| 0 mar d | ||
| 010 | _aMAR-21153 | ||
| 020 |
_a8186152547 _c275.00 |
||
| 035 | _aMR-13811 | ||
| 037 | _bDPL/PUB | ||
| 040 |
_aDPL _bMR |
||
| 082 | _a891.4609 | ||
| 100 |
_aकांबळे,चिंतामण _930273 |
||
| 245 |
_aअस्मितादर्शन : _bचिंतामण कांबळे _cसाहित्य आणि संस्कृती / |
||
| 246 |
_aAsmitadarshan Sahitya and Sanskruti _bby Chintaman Kamble |
||
| 260 |
_aपुणे _bसुविद्या प्रकाशन _c2003 |
||
| 270 |
_a149,शनिवार पेठ, _bपुणे _e411030 |
||
| 300 |
_a336पृ. _c22सेमी(अजिल्द) |
||
| 942 |
_2ddc _cMR _h891.4609 _mकांबळे |
||
| 999 |
_c54506 _d54506 |
||